[Event "TCh-FRA Top 12 2016"]
[Site "Drancy FRA"]
[Date "2016.06.06"]
[Round "10.1"]
[Board "6"]
[White "Riff, Jean-Noel"]
[Black "Philippe, Christophe"]
[Result "1-0"]
[WhiteTitle "GM"]
[BlackTitle "IM"]
[WhiteElo "2506"]
[BlackElo "2386"]
[WhiteTeam "MULHOUSE Philidor"]
[BlackTeam "VANDOEUVRE Echecs"]
[WhiteFideId "611190"]
[BlackFideId "610038"]
[EventDate "2016.05.28"]

1. e4 c5 2. Nf3 e6 3. d4 cxd4 4. Nxd4 Nc6 5. Nc3 d6 6. Be2 Nf6 7. O-O Be7 8. Kh1
O-O 9. f4 a6 10. Nxc6 bxc6 11. e5 dxe5 12. fxe5 Nd7 13. Bf4 Rb8 14. b3 Bb7 15.
Qd3 Qc7 16. Ne4 Nc5 17. Nxc5 Bxc5 18. Qg3 Rfd8 19. Bd3 Bf8 20. Bg5 Rd4 21. Rf2
c5 22. Raf1 Qc6 23. Rxf7 Qxg2+ 24. Qxg2 Bxg2+ 25. Kxg2 Rg4+ 26. Kh1 Rxg5 27.
Bxa6 Rxe5 28. Bc4 g6 29. a4 Bh6 30. a5 Ra8 31. a6 1-0

[Event "TCh-FRA Top 12 2016"]
[Site "Drancy FRA"]
[Date "2016.06.06"]
[Round "10.1"]
[Board "7"]
[White "Nezar, Mustapha"]
[Black "Burri, Quentin"]
[Result "1-0"]
[WhiteTitle "IM"]
[BlackTitle "FM"]
[WhiteElo "2364"]
[BlackElo "2293"]
[WhiteTeam "VANDOEUVRE Echecs"]
[BlackTeam "MULHOUSE Philidor"]
[WhiteFideId "608637"]
[BlackFideId "26028654"]
[EventDate "2016.05.28"]

1. d4 d5 2. c4 c6 3. Nf3 Nf6 4. Nc3 dxc4 5. a4 Bf5 6. Ne5 Nbd7 7. Nxc4 Nb6 8.
Ne5 a5 9. g3 e6 10. Bg2 Bb4 11. O-O O-O 12. e3 h6 13. Qe2 Bh7 14. Rd1 Qe7 15. e4
Rfd8 16. Nd3 Nc4 17. e5 Nd5 18. Ne4 b5 19. Nf4 Rac8 20. h4 c5 21. dxc5 Nxe5 22.
axb5 Bxe4 23. Qxe4 Rxc5 24. Qxe5 Nc3 25. Rxd8+ Qxd8 26. Qe3 Nxb5 27. Nd3 Nd4 28.
Nxc5 Nc2 29. Qd3 1-0

[Event "TCh-FRA Top 12 2016"]
[Site "Drancy FRA"]
[Date "2016.06.06"]
[Round "10.1"]
[Board "8"]
[White "Choisy, Mathilde"]
[Black "Steil-Antoni, Fiona"]
[Result "1/2-1/2"]
[WhiteTitle "WFM"]
[BlackTitle "WIM"]
[WhiteElo "2181"]
[BlackElo "2185"]
[WhiteTeam "MULHOUSE Philidor"]
[BlackTeam "VANDOEUVRE Echecs"]
[WhiteFideId "634565"]
[BlackFideId "4001249"]
[EventDate "2016.05.28"]

1. e4 d6 2. d4 Nf6 3. Nc3 Nbd7 4. Nf3 e5 5. Bc4 Be7 6. O-O O-O 7. a4 a5 8. Re1
c6 9. h3 exd4 10. Qxd4 Nc5 11. e5 dxe5 12. Qxd8 Rxd8 13. Nxe5 Be6 14. Bxe6 Nxe6
15. Be3 Nd5 16. Nxd5 Rxd5 17. Nd3 1/2-1/2

[Event "TCh-FRA Top 12 2016"]
[Site "Drancy FRA"]
[Date "2016.06.06"]
[Round "10.2"]
[Board "1"]
[White "Relange, Eloi"]
[Black "Libiszewski, Fabien"]
[Result "1/2-1/2"]
[WhiteTitle "GM"]
[BlackTitle "GM"]
[WhiteElo "2464"]
[BlackElo "2533"]
[WhiteTeam "EVRY Grand Roque"]
[BlackTeam "Echecs Club MONTPELLIER"]
[WhiteFideId "600822"]
[BlackFideId "616834"]
[EventDate "2016.05.28"]

1. Nf3 Nf6 2. d4 g6 3. c4 Bg7 4. g3 c6 5. Bg2 d5 6. cxd5 cxd5 7. O-O O-O 8. Nc3
Ne4 9. Ne5 Nxc3 10. bxc3 Nc6 11. Nxc6 1/2-1/2

[Event "TCh-FRA Top 12 2016"]
[Site "Drancy FRA"]
[Date "2016.06.06"]
[Round "10.2"]
[Board "2"]
[White "Mista, Aleksander"]
[Black "Justo, Damian"]
[Result "1-0"]
[WhiteTitle "GM"]
[BlackTitle "FM"]
[WhiteElo "2593"]
[BlackElo "2325"]
[WhiteTeam "Echecs Club MONTPELLIER"]
[BlackTeam "EVRY Grand Roque"]
[WhiteFideId "1110381"]
[BlackFideId "101168"]
[EventDate "2016.05.28"]

1. e4 e6 2. d4 d5 3. Nd2 Be7 4. Ngf3 Nf6 5. Bd3 c5 6. e5 Nfd7 7. c3 Nc6 8. O-O
a5 9. a4 cxd4 10. cxd4 Nb4 11. Bb5 b6 12. Nb1 Ba6 13. Nc3 O-O 14. Re1 Nb8 15.
Bf4 N4c6 16. Rc1 Na7 17. Re3 h6 18. Ne1 Bxb5 19. axb5 Bg5 20. Nd3 Nd7 21. Rg3 f6
22. exf6 Qxf6 23. Bxg5 hxg5 24. Qg4 Rac8 25. Re1 Qf5 26. Rxe6 Qxg4 27. Rxg4 Rfe8
28. Rxe8+ Rxe8 29. Rxg5 Nf6 30. Nxd5 Nxd5 31. Rxd5 Re2 32. g4 Rd2 33. Ne5 Rxb2
34. g5 Rxb5 35. Rd8+ Kh7 36. f4 1-0

[Event "TCh-FRA Top 12 2016"]
[Site "Drancy FRA"]
[Date "2016.06.06"]
[Round "10.2"]
[Board "3"]
[White "Bergez, Luc"]
[Black "Fier, Alexandr"]
[Result "0-1"]
[WhiteTitle "IM"]
[BlackTitle "GM"]
[WhiteElo "2342"]
[BlackElo "2624"]
[WhiteTeam "EVRY Grand Roque"]
[BlackTeam "Echecs Club MONTPELLIER"]
[WhiteFideId "606600"]
[BlackFideId "2107139"]
[EventDate "2016.05.28"]

1. e4 c5 2. Nf3 d6 3. d4 cxd4 4. Nxd4 Nf6 5. Nc3 a6 6. Be2 e6 7. O-O Be7 8. Be3
Nc6 9. Kh1 O-O 10. f4 Bd7 11. Qe1 b5 12. Bd3 Nxd4 13. Bxd4 Bc6 14. Qg3 g6 15.
Rae1 Nd7 16. Qh3 e5 17. Be3 exf4 18. Bxf4 Ne5 19. Nd5 Bxd5 20. Bxe5 Be6 0-1

[Event "TCh-FRA Top 12 2016"]
[Site "Drancy FRA"]
[Date "2016.06.06"]
[Round "10.2"]
[Board "4"]
[White "Smith, Axel"]
[Black "Milliet, Sophie"]
[Result "0-1"]
[WhiteTitle "GM"]
[BlackTitle "IM"]
[WhiteElo "2499"]
[BlackElo "2346"]
[WhiteTeam "Echecs Club MONTPELLIER"]
[BlackTeam "EVRY Grand Roque"]
[WhiteFideId "1707930"]
[BlackFideId "623725"]
[EventDate "2016.05.28"]

1. Nf3 c5 2. e3 Nf6 3. c4 g6 4. d4 Bg7 5. d5 O-O 6. Nc3 d6 7. Be2 e6 8. O-O exd5
9. cxd5 Na6 10. Nd2 Rb8 11. e4 Re8 12. Re1 Bd7 13. Bf1 b5 14. a4 Nc7 15. axb5
Nxb5 16. Bxb5 Bxb5 17. Rxa7 Bd7 18. Nc4 Rb4 19. Qd3 Ng4 20. Bf4 Bd4 21. Bg3 f5
22. Re2 Rf8 23. Rxd7 Qxd7 24. exf5 Qxf5 25. Ne4 Ra8 26. Re1 Nxf2 27. Bxf2 Bxf2+
28. Nxf2 Qxd3 29. Nxd3 Rxc4 30. Nf2 Rca4 31. Ne4 Ra1 32. Rxa1 Rxa1+ 33. Kf2 Ra6
34. Ke3 Kf7 35. Ng5+ Kf6 36. Nxh7+ Kf5 37. h3 Rb6 38. g4+ Ke5 39. Nf8 Rb3+ 40.
Kf2 Rxb2+ 41. Kg3 c4 42. Nxg6+ Ke4 43. g5 c3 44. Nf4 c2 45. Ne2 Ke3 46. Nc1 Kd2
47. g6 Kxc1 48. Kh4 Kd1 49. g7 Rb8 50. Kh5 c1=Q 51. g8=Q Rxg8 52. h4 0-1

[Event "TCh-FRA Top 12 2016"]
[Site "Drancy FRA"]
[Date "2016.06.06"]
[Round "10.2"]
[Board "5"]
[White "Manouck, Thierry"]
[Black "Brochet, Philippe"]
[Result "0-1"]
[WhiteTitle "IM"]
[BlackTitle "IM"]
[WhiteElo "2211"]
[BlackElo "2379"]
[WhiteTeam "EVRY Grand Roque"]
[BlackTeam "Echecs Club MONTPELLIER"]
[WhiteFideId "600873"]
[BlackFideId "602469"]
[EventDate "2016.05.28"]

1. c4 Nf6 2. g3 e6 3. Nf3 d5 4. b3 Be7 5. Bg2 O-O 6. O-O c5 7. e3 Nc6 8. Bb2 d4
9. exd4 cxd4 10. Re1 Ng4 11. d3 f6 12. Na3 e5 13. Nc2 a5 14. a3 Qb6 15. Rb1 Qxb3
16. Bxd4 Qa4 17. Bb6 Ra6 18. c5 Nb8 19. d4 Nd7 20. Bf1 Rxb6 21. cxb6 Qc6 22. h3
Nh6 23. Ne3 Kh8 24. Bb5 Qe6 25. Bxd7 Bxd7 26. dxe5 Qxh3 27. e6 Bxe6 28. Ng2 0-1

[Event "TCh-FRA Top 12 2016"]
[Site "Drancy FRA"]
[Date "2016.06.06"]
[Round "10.2"]
[Board "6"]
[White "Flear, Glenn C"]
[Black "Leroy, Didier"]
[Result "0-1"]
[WhiteTitle "GM"]
[BlackTitle "IM"]
[WhiteElo "2452"]
[BlackElo "2289"]
[WhiteTeam "Echecs Club MONTPELLIER"]
[BlackTeam "EVRY Grand Roque"]
[WhiteFideId "400165"]
[BlackFideId "610950"]
[EventDate "2016.05.28"]

1. d4 Nf6 2. c4 e6 3. Nc3 c5 4. d5 exd5 5. cxd5 Bd6 6. e4 O-O 7. f4 Nxe4 8. Nxe4
Re8 9. Qe2 f5 10. Nxd6 Rxe2+ 11. Bxe2 Na6 12. Bd2 Qh4+ 13. g3 Qe7 14. Nxc8 Rxc8
15. Nf3 c4 16. Kf2 Nc5 17. Rhd1 Ne4+ 18. Kf1 Qc5 19. Be1 b5 20. Rac1 h6 21. Rc2
g5 22. Bd3 gxf4 23. gxf4 Qe3 24. Rg2+ Kh7 25. Bxe4 fxe4 26. Nd4 Qxf4+ 27. Kg1
Rg8 28. Bg3 Qe3+ 29. Kh1 b4 30. Re2 Qg5 31. Nc2 Qh5 0-1

[Event "TCh-FRA Top 12 2016"]
[Site "Drancy FRA"]
[Date "2016.06.06"]
[Round "10.2"]
[Board "7"]
[White "Duquesne, Adrien"]
[Black "Touzane, Olivier"]
[Result "1-0"]
[BlackTitle "IM"]
[WhiteElo "2180"]
[BlackElo "2308"]
[WhiteTeam "EVRY Grand Roque"]
[BlackTeam "Echecs Club MONTPELLIER"]
[WhiteFideId "20650582"]
[BlackFideId "602906"]
[EventDate "2016.05.28"]

1. d4 Nf6 2. c4 g6 3. Nc3 Bg7 4. e4 d6 5. Bg5 O-O 6. Qd2 Nbd7 7. Be2 e5 8. d5
Nc5 9. f3 c6 10. h4 h5 11. b4 Ncd7 12. dxc6 bxc6 13. Qxd6 Qb6 14. Rb1 Re8 15. c5
Qb7 16. Bc4 Bf8 17. Qd2 a5 18. a3 axb4 19. axb4 Be7 20. Nge2 Nf8 21. O-O Be6 22.
Bxe6 Nxe6 23. Be3 Rad8 24. Qb2 Nh7 25. Bf2 Bf6 26. b5 Nd4 27. bxc6 Qxc6 28. Qb6
Qc8 29. Nxd4 exd4 30. Nd5 Be5 31. Rfd1 Nf8 32. f4 Nd7 33. Qb4 Bg7 34. c6 Qxc6
35. Ne7+ Rxe7 36. Qxe7 Bf6 37. Qb4 Qxe4 38. Bxd4 Rb8 39. Qxb8+ Nxb8 40. Bxf6 Nd7
41. Rb8+ Nf8 42. Rxf8+ Kxf8 43. Rd8+ Qe8 44. Rxe8+ Kxe8 45. Kf2 Kd7 46. Ke3 Ke6
47. Bg5 f6 48. Bh6 Kf5 49. Kf3 1-0

[Event "TCh-FRA Top 12 2016"]
[Site "Drancy FRA"]
[Date "2016.06.06"]
[Round "10.2"]
[Board "8"]
[White "Haussernot, Cecile"]
[Black "Marchand, Francois"]
[Result "1-0"]
[WhiteTitle "WFM"]
[BlackTitle "FM"]
[WhiteElo "2087"]
[BlackElo "2218"]
[WhiteTeam "Echecs Club MONTPELLIER"]
[BlackTeam "EVRY Grand Roque"]
[WhiteFideId "601632"]
[BlackFideId "603295"]
[EventDate "2016.05.28"]

1. e4 c6 2. d4 d5 3. f3 dxe4 4. fxe4 e5 5. Nf3 Bg4 6. Bc4 Nd7 7. c3 Bh5 8. O-O
Ngf6 9. Qb3 Qb6 10. Be3 Qxb3 11. axb3 Nxe4 12. dxe5 Bc5 13. Bxc5 Nexc5 14. Nd4
O-O 15. Nd2 Nb6 16. b4 Nxc4 17. Nxc4 Nd7 18. Nd6 Rfb8 19. e6 fxe6 20. Nxe6 a6
21. Rae1 Nf6 22. Nc7 Ra7 23. Nf5 b6 24. Ne7+ Kf7 25. Nxc6 Rbb7 26. Ne6 Rd7 27.
Nxa7 Rxa7 28. Re5 Bg4 29. Ng5+ Kg6 30. h3 Bc8 31. Nf3 Rd7 32. Re6 Rb7 33. Ne5+
Kg5 34. Rc6 Rb8 35. Rc7 Ne8 36. Re7 Bb7 37. Rf8 Bc8 1-0

[Event "TCh-FRA Top 12 2016"]
[Site "Drancy FRA"]
[Date "2016.06.06"]
[Round "10.3"]
[Board "1"]
[White "Neiksans, Arturs"]
[Black "Nataf, Igor-Alexandre"]
[Result "1/2-1/2"]
[WhiteTitle "GM"]
[BlackTitle "GM"]
[WhiteElo "2627"]
[BlackElo "2531"]
[WhiteTeam "Les Tours de Haute Picardie, SAINT QUENTIN"]
[BlackTeam "C.E. STRASBOURG"]
[WhiteFideId "11601388"]
[BlackFideId "605492"]
[EventDate "2016.05.28"]

1. e4 c5 2. Nf3 Nc6 3. Bb5 e6 4. O-O Nge7 5. d4 cxd4 6. Nxd4 Qb6 7. Nxc6 bxc6 8.
Be2 Ng6 9. c4 Be7 10. Nc3 O-O 11. Qc2 c5 12. Be3 a6 13. f4 d6 14. Rad1 Rd8 15.
Bf3 Qc7 16. Rd3 Bb7 17. g3 Rab8 18. Bg2 Bc6 19. Rfd1 Nf8 20. R1d2 Rd7 21. b3
Rbd8 22. Qd1 Qc8 23. Bf2 Qa8 24. Qe2 h6 25. Bf3 Bf6 26. h4 Bxc3 27. Rxc3 Nh7 28.
e5 dxe5 29. Rxd7 Rxd7 30. fxe5 Bxf3 31. Qxf3 Qc8 32. Rd3 Nf8 33. g4 Qc7 34. Bg3
Rxd3 35. Qxd3 Nd7 36. Qf3 Nb8 37. Qe3 a5 38. Kh2 Nd7 39. h5 Qc6 40. Qd2 Qc7 41.
Qg2 g5 42. Qe4 Kg7 43. Kg2 Nb8 44. Be1 Nc6 45. Bc3 Nb4 46. Qe2 Qb7+ 47. Kh2 Qd7
48. Bxb4 axb4 49. Qf2 Qc7 50. Qf6+ 1/2-1/2

[Event "TCh-FRA Top 12 2016"]
[Site "Drancy FRA"]
[Date "2016.06.06"]
[Round "10.3"]
[Board "2"]
[White "Sanikidze, Tornike"]
[Black "Kovalenko, Igor"]
[Result "0-1"]
[WhiteTitle "GM"]
[BlackTitle "GM"]
[WhiteElo "2537"]
[BlackElo "2644"]
[WhiteTeam "C.E. STRASBOURG"]
[BlackTeam "Les Tours de Haute Picardie, SAINT QUENTIN"]
[WhiteFideId "13602608"]
[BlackFideId "14117908"]
[EventDate "2016.05.28"]

1. d4 Nf6 2. c4 e6 3. Nf3 d5 4. Nc3 Bb4 5. cxd5 exd5 6. Bg5 h6 7. Bxf6 Qxf6 8.
Qa4+ Nc6 9. e3 O-O 10. Be2 Be6 11. O-O a6 12. Rfc1 Bd6 13. Qd1 Ne7 14. Na4 b6
15. Nc3 Rfd8 16. a3 Nf5 17. b4 c5 18. Na4 cxd4 19. exd4 g5 20. g3 g4 21. Nd2 h5
22. Nb3 Rdb8 23. Bf1 Kg7 24. Bg2 Ne7 25. Qd2 h4 26. Re1 Rb7 27. Nc3 Rh8 28. Nc1
Rbb8 29. Nd3 hxg3 30. hxg3 Ng6 31. Ne2 Rh6 32. Rac1 Rbh8 33. Nef4 Bd7 34. Nxg6
Qxg6 35. Nf4 Qh7 36. f3 gxf3 37. Bxf3 Rh1+ 38. Kf2 Rh2+ 39. Bg2 Bh3 40. Rg1 Bxg2
41. Nxg2 Bxg3+ 42. Kxg3 Qf5 43. Nh4 R8xh4 44. Qxh2 Qf4+ 0-1

[Event "TCh-FRA Top 12 2016"]
[Site "Drancy FRA"]
[Date "2016.06.06"]
[Round "10.3"]
[Board "3"]
[White "David, Alberto"]
[Black "Baklan, Vladimir"]
[Result "0-1"]
[WhiteTitle "GM"]
[BlackTitle "GM"]
[WhiteElo "2571"]
[BlackElo "2614"]
[WhiteTeam "Les Tours de Haute Picardie, SAINT QUENTIN"]
[BlackTeam "C.E. STRASBOURG"]
[WhiteFideId "4000013"]
[BlackFideId "14102196"]
[EventDate "2016.05.28"]

1. e4 e6 2. d4 d5 3. Nc3 Nf6 4. e5 Nfd7 5. f4 c5 6. Nf3 Be7 7. Be3 O-O 8. dxc5
Nxc5 9. Qd2 a6 10. O-O-O Nbd7 11. Qf2 b5 12. a3 Qc7 13. f5 Bb7 14. Qg3 Kh8 15.
Bf4 Qb6 16. b4 Rac8 17. Nd4 Ne4 18. Nxe4 dxe4 19. Be2 Bd5 20. Rhf1 Rg8 21. Kb2
Qc7 22. f6 gxf6 23. exf6 e5 24. fxe7 Rxg3 25. e8=Q+ Rxe8 26. Bxg3 Rc8 27. c4
bxc4 28. Nf5 c3+ 29. Kc2 Qc6 30. b5 Qe6 31. Kc1 Nc5 32. Ne7 0-1

[Event "TCh-FRA Top 12 2016"]
[Site "Drancy FRA"]
[Date "2016.06.06"]
[Round "10.3"]
[Board "4"]
[White "Vaisser, Anatoly"]
[Black "Kveinys, Aloyzas"]
[Result "0-1"]
[WhiteTitle "GM"]
[BlackTitle "GM"]
[WhiteElo "2509"]
[BlackElo "2539"]
[WhiteTeam "C.E. STRASBOURG"]
[BlackTeam "Les Tours de Haute Picardie, SAINT QUENTIN"]
[WhiteFideId "603252"]
[BlackFideId "12800040"]
[EventDate "2016.05.28"]

1. d4 Nf6 2. c4 e6 3. Nc3 Bb4 4. e3 O-O 5. Bd3 c5 6. Ne2 d5 7. cxd5 cxd4 8. exd4
Qxd5 9. O-O Qh5 10. Bf4 Nc6 11. Qc2 Be7 12. a3 Bd7 13. Rad1 Rac8 14. Rfe1 Rfd8
15. Qb3 Na5 16. Qa2 Nd5 17. Ng3 Nxc3 18. bxc3 Qh4 19. Bd2 Ba4 20. Rb1 Bc6 21.
Re5 Bd5 22. Qc2 g6 23. Ne4 Nc4 24. g3 Qg4 25. Bxc4 Rxc4 26. Kg2 f5 27. f3 Qh5
28. g4 Qh4 29. gxf5 gxf5 30. Be1 Qh6 31. Ng3 Bf6 32. Rxd5 Rxd5 33. Rxb7 Bd8 34.
Qb3 Rc7 35. Rb8 Kf7 36. Qxd5 exd5 37. Rxd8 Re7 38. Bf2 f4 39. Nh1 Qg5+ 40. Kf1
Rb7 0-1

[Event "TCh-FRA Top 12 2016"]
[Site "Drancy FRA"]
[Date "2016.06.06"]
[Round "10.3"]
[Board "5"]
[White "Degraeve, Jean-Marc"]
[Black "Rozentalis, Eduardas"]
[Result "1-0"]
[WhiteTitle "GM"]
[BlackTitle "GM"]
[WhiteElo "2561"]
[BlackElo "2593"]
[WhiteTeam "Les Tours de Haute Picardie, SAINT QUENTIN"]
[BlackTeam "C.E. STRASBOURG"]
[WhiteFideId "600270"]
[BlackFideId "12800023"]
[EventDate "2016.05.28"]

1. e4 Nf6 2. e5 Nd5 3. d4 d6 4. Nf3 dxe5 5. Nxe5 c6 6. Be2 g6 7. O-O Bg7 8. c4
Nf6 9. Nc3 O-O 10. Bf4 Nbd7 11. Re1 Re8 12. Bf3 Nb6 13. a4 Be6 14. a5 Nxc4 15.
a6 Nxe5 16. dxe5 Nd5 17. Nxd5 cxd5 18. axb7 Rb8 19. Rxa7 Qb6 20. Qa4 Red8 21.
Be3 Qc7 22. Qb4 Qd7 23. Bd4 Qc6 24. Rea1 Bf8 25. Qc3 Qxc3 26. bxc3 Rd7 27. Rb1
Rc7 28. h4 Bf5 29. Rb2 e6 30. Be2 1-0

[Event "TCh-FRA Top 12 2016"]
[Site "Drancy FRA"]
[Date "2016.06.06"]
[Round "10.3"]
[Board "6"]
[White "Vitoux, Colomban"]
[Black "Lazarev, Vladimir"]
[Result "1-0"]
[WhiteTitle "IM"]
[BlackTitle "GM"]
[WhiteElo "2385"]
[BlackElo "2378"]
[WhiteTeam "C.E. STRASBOURG"]
[BlackTeam "Les Tours de Haute Picardie, SAINT QUENTIN"]
[WhiteFideId "628549"]
[BlackFideId "4113250"]
[EventDate "2016.05.28"]

1. e4 c5 2. Nf3 e6 3. c4 Nc6 4. Nc3 Nge7 5. d4 Nxd4 6. Nxd4 cxd4 7. Qxd4 Nc6 8.
Qd3 Bc5 9. Be2 O-O 10. O-O d6 11. a3 a6 12. b4 Ba7 13. Qg3 e5 14. Bg5 f6 15. Bh6
Qd7 16. Be3 Nd4 17. Rad1 f5 18. f4 fxe4 19. fxe5 Rxf1+ 20. Rxf1 Nf5 21. Rxf5
Qxf5 22. exd6 Bxe3+ 23. Qxe3 Qe5 24. Qxe4 Qxd6 25. c5 Qf8 26. Nd5 Bd7 27. Ne7+
Kh8 28. Ng6+ hxg6 29. Qh4+ Kg8 30. Bc4+ Qf7 31. Bxf7+ Kxf7 32. Qf4+ Kg8 33. Qc4+
Kh7 34. Qh4+ Kg8 35. Qc4+ Kh7 36. Qh4+ Kg8 37. Qe4 Bc6 38. Qxg6 1-0

[Event "TCh-FRA Top 12 2016"]
[Site "Drancy FRA"]
[Date "2016.06.06"]
[Round "10.3"]
[Board "7"]
[White "Marcelin, Cyril"]
[Black "Roos, Louis"]
[Result "1/2-1/2"]
[WhiteTitle "GM"]
[BlackTitle "IM"]
[WhiteElo "2477"]
[BlackElo "2359"]
[WhiteTeam "Les Tours de Haute Picardie, SAINT QUENTIN"]
[BlackTeam "C.E. STRASBOURG"]
[WhiteFideId "607274"]
[BlackFideId "600288"]
[EventDate "2016.05.28"]

1. d4 d5 2. Bf4 e6 3. e3 Bd6 4. Bg3 Nc6 5. c4 Nf6 6. Nc3 dxc4 7. Bxc4 a6 8. Nf3
b5 9. Bd3 Bb7 10. a4 b4 11. Ne4 Na5 12. Nfd2 Bxg3 13. hxg3 e5 14. Nxf6+ Qxf6 15.
Rh5 exd4 16. e4 Nc6 17. f4 g6 18. Rc5 O-O 19. Rac1 Rfe8 20. Qe2 Kg7 21. Kf2 Ne5
22. Rxc7 Nxd3+ 23. Qxd3 Rab8 24. R1c4 a5 25. Qxd4 Red8 26. Qxf6+ Kxf6 27. Nf3 h6
28. Ne5 Ke6 29. Rxf7 Rd2+ 30. Kf3 Rxb2 31. Rcc7 Rb3+ 32. Kg4 Bxe4 33. Rfe7+ Kf6
34. Rf7+ Ke6 35. Rfe7+ Kf6 36. Rf7+ Ke6 37. Rfe7+ Kd6 1/2-1/2

[Event "TCh-FRA Top 12 2016"]
[Site "Drancy FRA"]
[Date "2016.06.06"]
[Round "10.3"]
[Board "8"]
[White "Nicoara, Malina"]
[Black "Leconte, Maria"]
[Result "1/2-1/2"]
[WhiteTitle "WIM"]
[BlackTitle "WGM"]
[WhiteElo "2088"]
[BlackElo "2217"]
[WhiteTeam "C.E. STRASBOURG"]
[BlackTeam "Les Tours de Haute Picardie, SAINT QUENTIN"]
[WhiteFideId "604631"]
[BlackFideId "618446"]
[EventDate "2016.05.28"]

1. d4 Nf6 2. c4 e6 3. g3 d5 4. Bg2 c6 5. Nf3 Be7 6. O-O O-O 7. Qc2 b6 8. cxd5
cxd5 9. Bf4 Ba6 10. Rc1 Nbd7 11. Nc3 Nh5 12. Bd2 b5 13. a3 Rc8 14. Qd1 Nhf6 15.
Na2 Qb6 16. Bb4 Bxb4 17. Nxb4 Ne4 18. e3 Bb7 19. Nd3 a5 20. b4 axb4 21. axb4 Rc4
22. Bf1 Rd8 23. Qe1 Ndf6 24. Nfe5 Rxc1 25. Qxc1 h5 26. h4 Rc8 27. Nc5 Nd6 28.
Be2 Nc4 29. Ned3 g6 30. f3 Bc6 31. Bd1 Qc7 32. f4 Ne4 33. Nxe4 dxe4 34. Nc5 Bd5
35. Be2 Nd6 36. Kf2 Bc4 37. Ra6 Bxe2 38. Kxe2 Nf5 39. Kf2 Qd8 40. Qb1 Qd5 41.
Nxe4 Kg7 42. Ra7 Nh6 43. Kg1 Ng4 44. Ng5 Nh6 45. Qa1 Rc2 46. e4 Rc1+ 47. Qxc1
Qxd4+ 48. Kg2 Qxa7 49. Qc3+ Kg8 50. Qc8+ Kg7 51. Qc3+ Kg8 52. Qc8+ Kg7 1/2-1/2

[Event "TCh-FRA Top 12 2016"]
[Site "Drancy FRA"]
[Date "2016.06.06"]
[Round "10.4"]
[Board "1"]
[White "Duda, Jan-Krzysztof"]
[Black "Krasenkow, Michal"]
[Result "1/2-1/2"]
[WhiteTitle "GM"]
[BlackTitle "GM"]
[WhiteElo "2666"]
[BlackElo "2610"]
[WhiteTeam "C.E. de BOIS COLOMBES"]
[BlackTeam "L'Echiquier Chalonnais, CHALONS-EN-CHAMPAGNE"]
[WhiteFideId "1170546"]
[BlackFideId "1113100"]
[EventDate "2016.05.28"]

1. e4 c5 2. Nf3 Nc6 3. Bb5 e6 4. Bxc6 bxc6 5. d3 Ne7 6. Qe2 d5 7. b3 Ng6 8. h4
Qf6 9. e5 Qf5 10. g3 h5 11. c4 f6 12. Nc3 fxe5 13. Na4 Be7 14. Ba3 e4 15. dxe4
dxe4 16. Nd2 Ne5 17. Qxe4 Qxe4+ 18. Nxe4 Nf3+ 19. Ke2 O-O 20. Bxc5 Bxc5 21.
Naxc5 e5 22. Kd3 Bf5 23. Kc3 Rad8 24. Rac1 Bxe4 25. Nxe4 Rd4 26. Nc5 Rd2 27. Rc2
Rxc2+ 28. Kxc2 Nd4+ 29. Kd3 Rxf2 30. Re1 Nf5 31. Rxe5 Nxg3 32. Re6 Rh2 33. Ne4
Nxe4 34. Rxe4 Kf7 35. Kd4 Rxa2 36. Kc5 g5 37. hxg5 Kg6 38. Kxc6 Kxg5 39. c5 h4
40. Re1 h3 41. Kb7 Rb2 1/2-1/2

[Event "TCh-FRA Top 12 2016"]
[Site "Drancy FRA"]
[Date "2016.06.06"]
[Round "10.4"]
[Board "2"]
[White "Salgado Lopez, Ivan"]
[Black "Maze, Sebastien"]
[Result "1/2-1/2"]
[WhiteTitle "GM"]
[BlackTitle "GM"]
[WhiteElo "2618"]
[BlackElo "2614"]
[WhiteTeam "L'Echiquier Chalonnais, CHALONS-EN-CHAMPAGNE"]
[BlackTeam "C.E. de BOIS COLOMBES"]
[WhiteFideId "2257327"]
[BlackFideId "613762"]
[EventDate "2016.05.28"]

1. e4 e5 2. Nf3 Nc6 3. Bb5 Nf6 4. O-O Nxe4 5. Re1 Nd6 6. Nxe5 Be7 7. Bf1 Nxe5 8.
Rxe5 O-O 9. Nc3 Ne8 10. Nd5 Bd6 11. Re1 c6 12. Ne3 Bc7 13. Nf5 d5 14. Ne7+ Kh8
15. Nxc8 Rxc8 16. d3 f5 17. Qf3 Nf6 18. g3 Ng4 19. Bd2 Qf6 20. c3 Qg6 21. Bf4
Qh5 22. h3 Nf6 23. Qxh5 Nxh5 24. Be3 f4 25. Bc5 1/2-1/2

[Event "TCh-FRA Top 12 2016"]
[Site "Drancy FRA"]
[Date "2016.06.06"]
[Round "10.4"]
[Board "3"]
[White "Bachmann, Axel"]
[Black "Velten, Paul"]
[Result "1-0"]
[WhiteTitle "GM"]
[BlackTitle "IM"]
[WhiteElo "2632"]
[BlackElo "2469"]
[WhiteTeam "C.E. de BOIS COLOMBES"]
[BlackTeam "L'Echiquier Chalonnais, CHALONS-EN-CHAMPAGNE"]
[WhiteFideId "3700488"]
[BlackFideId "681091"]
[EventDate "2016.05.28"]

1. c4 e5 2. Nc3 Nc6 3. g3 g6 4. Bg2 Bg7 5. d3 d6 6. e3 Nge7 7. Nge2 O-O 8. Rb1
a5 9. a3 Be6 10. Nd5 Qd7 11. O-O Nd8 12. Nec3 Nc8 13. Ne4 f5 14. Ng5 c6 15. Nc3
Kh8 16. Nxe6 Nxe6 17. b4 axb4 18. axb4 Ne7 19. Bd2 d5 20. cxd5 cxd5 21. Qb3 Rad8
22. Qa4 d4 23. Qxd7 Rxd7 24. Na4 dxe3 25. Bxe3 Nd5 26. Bd2 Ne7 27. Be3 Nd5 28.
Bd2 Ne7 29. Bc3 b5 30. Nc5 Nxc5 31. bxc5 Rxd3 32. Rfc1 e4 33. Be1 Rc8 34. Bf1
Rd5 35. Rxb5 Bd4 36. c6 e3 37. c7 Rxb5 38. Bxb5 Bb6 39. Bc3+ Kg8 40. Be5 exf2+
41. Kg2 Ra8 42. Bc4+ Kf8 43. Be6 Ra6 44. c8=Q+ Nxc8 45. Rxc8+ Ke7 46. Rc6 Ra5
47. Bc3 Rb5 48. Bf6+ Ke8 49. Rc8+ Bd8 50. Rxd8# 1-0